000
00256nam a2200097Ia 4500
001
719113
005
20250826163036.0
008
250824s9999 xx 000 0 und d
245
0
_a
MÜSLÜMANLARIN TARİHİ 3
_c
İHSAN SÜREYYA SIRMA
260
_b
BEYAN YAYINLARI
999
_c
719113
_d
719113